[Event "Curitiba CC 76 Anniversary"]
[Site "Curitiba"]
[Date "2014.02.01"]
[Round "4"]
[White "De Vargas, Lucas Jose Acunha"]
[Black "Martins, Sara Cristina Stach"]
[Result "1-0"]
[WhiteElo "1788"]
[BlackElo "1737"]
[PlyCount "77"]
[EventDate "2014.01.31"]
[EventType "swiss"]
[EventRounds "6"]
[EventCountry "BRA"]
[SourceTitle "CBM 158 Extra"]
[Source "ChessBase"]
[SourceDate "2014.02.28"]
[SourceVersion "1"]
[SourceVersionDate "2014.02.28"]
[SourceQuality "1"]

1. d4 d5 2. e3 Nc6 3. c4 e5 4. cxd5 Qxd5 5. Nc3 Bb4 6. Bd2 Bxc3 7. bxc3 Qd6 8. Bb5 Nge7 9. Qc2 0-0 10. Nf3 Bg4 11. Ng5 f5 12. Qb3+ Kh8 13. Nf7+ Rxf7 14. Qxf7 Nd5 15. Bc4 Nf6 16. Qe6 Qa3 17. f3 Re8 18. Qf7 Bh5 19. Qxc7 exd4 20. 0-0 dxe3 21. Be1 e2 22. Bxe2 Rxe2 23. Qxb7 Ne5 24. Qc8+ Be8 25. Rd1 Ned7 26. Bf2 Nb6 27. Qxf5 Qxc3 28. Bd4 Qc6 29. Rfe1 Bg6 30. Qf4 Qc2 31. Bxf6 Rxe1+ 32. Rxe1 gxf6 33. Qxf6+ Kg8 34. h4 Qxa2 35. Re7 Bf7 36. h5 Kf8 37. Rb7 Qc4 38. Qh8+ Bg8 39. Qg7+ 1-0